5HLuxD.jpg

KING HENRY VIII SENIOR AND PRIMARY SCHOOL LIBRARY OPAC

The magic paintbrush / (Record no. 1970)

000 -LEADER
fixed length control field 01704cam a2200349 i 4500
001 - CONTROL NUMBER
control field (Sirsi) a1178996
003 - CONTROL NUMBER IDENTIFIER
control field OSt
005 - DATE AND TIME OF LATEST TRANSACTION
control field 20230222084357.0
008 - FIXED-LENGTH DATA ELEMENTS--GENERAL INFORMATION
fixed length control field 200821s20172003enka a 000 1 eng d
020 ## - INTERNATIONAL STANDARD BOOK NUMBER
International Standard Book Number 9781509830466
Qualifying information (paperback) :
040 ## - CATALOGING SOURCE
Original cataloging agency CHA
Language of cataloging eng
Transcribing agency TAE
Description conventions rda
Modifying agency KH8
042 ## - AUTHENTICATION CODE
Authentication code nbic
082 0# - DEWEY DECIMAL CLASSIFICATION NUMBER
Classification number 823.914 DON
100 1# - MAIN ENTRY--PERSONAL NAME
Personal name Donaldson, Julia,
Relator term author.
245 14 - TITLE STATEMENT
Title The magic paintbrush /
Statement of responsibility, etc. written by Julia Donaldson ; illustrated by Joel Stewart.
264 #1 - PRODUCTION, PUBLICATION, DISTRIBUTION, MANUFACTURE, AND COPYRIGHT NOTICE
Place of production, publication, distribution, manufacture London :
Name of producer, publisher, distributor, manufacturer Macmillan Children's,
Date of production, publication, distribution, manufacture, or copyright notice 2017.
264 #4 - PRODUCTION, PUBLICATION, DISTRIBUTION, MANUFACTURE, AND COPYRIGHT NOTICE
Date of production, publication, distribution, manufacture, or copyright notice ©2003.
300 ## - PHYSICAL DESCRIPTION
Extent 24 unnumbered pages :
Other physical details color illustrations ;
Dimensions 28 cm.
336 ## - CONTENT TYPE
Content type term text
Content type code txt
Source rdacontent.
336 ## - CONTENT TYPE
Content type term still image
Content type code sti
Source rdacontent.
337 ## - MEDIA TYPE
Media type term unmediated
Media type code n
Source rdamedia.
338 ## - CARRIER TYPE
Carrier type term volume
Carrier type code nc
Source rdacarrier.
500 ## - GENERAL NOTE
General note Originally published: 2003.
520 ## - SUMMARY, ETC.
Summary, etc. With her magic paintbrush, Shen can paint steaming pots full of fish and oysters to feed the hungry people in her village, but when the evil emperor hears of her gift he commands Shen to paint gold for him instead. She is determined to keep her promise to paint only for the poor, but how can she match the emperor's mighty power? In The Magic Paintbrush, Julia Donaldson's brilliant verse and Joel Stewart's beautiful illustrations bring vibrant life to a traditional tale of how a little girl's integrity can withstand the corruption of power and greed.
521 1# - TARGET AUDIENCE NOTE
Target audience note Ages 3-6.
650 #0 - SUBJECT ADDED ENTRY--TOPICAL TERM
Topical term or geographic name entry element Magic drawings
Form subdivision Pictorial works
-- Juvenile fiction.
650 #0 - SUBJECT ADDED ENTRY--TOPICAL TERM
Topical term or geographic name entry element Painting
Form subdivision Pictorial works
-- Juvenile fiction.
650 #0 - SUBJECT ADDED ENTRY--TOPICAL TERM
Topical term or geographic name entry element Folklore
Geographic subdivision China
Form subdivision Juvenile fiction.
650 #0 - SUBJECT ADDED ENTRY--TOPICAL TERM
Topical term or geographic name entry element Avarice
Form subdivision Juvenile fiction.
700 1# - ADDED ENTRY--PERSONAL NAME
Personal name Stewart, Joel,
Relator term illustrator.
942 ## - ADDED ENTRY ELEMENTS (KOHA)
Source of classification or shelving scheme
Koha item type Books - Non Ficton
Holdings
Withdrawn status Lost status Source of classification or shelving scheme Damaged status Not for loan Collection code Permanent Location Current Location Shelving location Date acquired Total Checkouts Full call number Barcode Date last seen Date last checked out Price effective from Koha item type
          Non-Fiction KH8 Primary School Library KH8 Primary School Library Non Fiction 2023-02-22 8 823.914 DON KHPL000003681 2026-01-20 2026-01-13 2023-02-22 Books - Non Ficton

Powered By KH8 IT Dept